Student study guide to accompany Scott : Principles of management information systems

Αποθηκεύτηκε σε:
Λεπτομέρειες βιβλιογραφικής εγγραφής
Κύριος συγγραφέας: Scott, George M.
Μορφή: Βιβλίο
Γλώσσα:English
Δημοσίευση: New York : McGraw-Hill, 1986
Θέματα:
Ετικέτες: Προσθήκη ετικέτας
Δεν υπάρχουν, Καταχωρήστε ετικέτα πρώτοι!

MARC

LEADER 00000nam a2200000 i 4500
001 1/38859
008 970218s1986 eng d
020 |a 0070561079 
035 |l 10024941 
040 |a GR-MY-UA  |b gre  |e aacr 
041 0 |a eng 
082 0 |a 658.4038011 
100 1 |a Scott, George M. 
245 1 0 |a Student study guide to accompany Scott : Principles of management information systems 
260 |a New York :   |b McGraw-Hill,   |c 1986 
300 |a vii, 270 p. 
650 0 0 |a Management information systems. 
852 |a INST  |b CHIOS  |e 19970218  |h 658.4038011 SCO  |p 005200003423  |q 005200003423  |t BK  |y 0 
852 |a INST  |b CHIOS  |e 19970218  |h 658.4038011 SCO  |p 005200003424  |q 005200003424  |t BK  |y 0 
909 |a Χ  |b 010629 
909 |a Χ  |b 009144